000 00329nam a2200145Ia 4500
008 230718s9999 xx 000 0 und d
041 _aEng.
082 _a296.3
_bYAS-B
100 _aYaseen, Prof. Muhamma
245 0 _aBusiness law
260 _aPakistan
_bWalayaiesans
_c2001
300 _a144
650 _aLaw
999 _c26398
_d26398